प्यास का पेमेन्ट (Record no. 7286)
[ view plain ]
| 000 -LEADER | |
|---|---|
| fixed length control field | 01143 a2200241 4500 |
| 005 - DATE AND TIME OF LATEST TRANSACTION | |
| control field | 20080916123719.0 |
| 008 - FIXED-LENGTH DATA ELEMENTS--GENERAL INFORMATION | |
| fixed length control field | 080916t xxu||||| |||| 00| 0 hin d |
| 010 ## - LCCN (DPL NO) | |
| LC control number | HIN-80909 |
| 020 ## - INTERNATIONAL STANDARD BOOK NUMBER | |
| Terms of availability | 200.00 |
| International Standard Book Number | 8190417614 |
| 035 ## - SYSTEM CONTROL NUMBER | |
| System control number | HN-53255 |
| 037 ## - SOURCE OF ACQUISITION | |
| Source of stock number/acquisition | D.B.Act / pub |
| 082 ## - DEWEY DECIMAL CLASSIFICATION NUMBER | |
| Classification number | क |
| 100 ## - MAIN ENTRY--PERSONAL NAME | |
| Personal name | चन्द्रकुमार 'सुकुमार' |
| 245 ## - TITLE STATEMENT | |
| Title | प्यास का पेमेन्ट |
| Statement of responsibility, etc | चन्द्रकुमार 'सुकुमार' |
| 246 ## - VARYING FORM OF TITLE | |
| Title proper/short title | Pyas ka Payment |
| Remainder of title | by Chanderkumar 'Sukumar' |
| 260 ## - PUBLICATION, DISTRIBUTION, ETC. (IMPRINT) | |
| Place of publication, distribution, etc | जयपुर |
| Name of publisher, distributor, etc | अनामय प्रकाशन |
| Date of publication, distribution, etc | 2006 |
| 270 ## - ADDRESS | |
| City | जयपुर |
| Address | ई-776/7, लाल कोठी योजना |
| Postal code | 302015 |
| Telephone number | 2741219 |
| 300 ## - PHYSICAL DESCRIPTION | |
| Extent | 144पृ |
| Dimensions | 22 सेमी (सजिल्द) |
| 650 ## - SUBJECT ADDED ENTRY--TOPICAL TERM | |
| Topical term or geographic name as entry element | हिन्दी कहानियाँ |
| 650 ## - SUBJECT ADDED ENTRY--TOPICAL TERM | |
| Topical term or geographic name as entry element | Hindi Stories |
| 942 ## - ADDED ENTRY ELEMENTS (KOHA) | |
| Institution code [OBSOLETE] | dpl |
| Item type | Hindi Books |
| Call number prefix | क / चन्द्रकु |
| Source of classification or shelving scheme | Dewey Decimal Classification |
| Classification part | क |
| Call number suffix | चन्द्रकु |
| Withdrawn status | Lost status | Source of classification or shelving scheme | Damaged status | Not for loan | Home library | Current library | Date acquired | Cost, normal purchase price | Total Checkouts | Full call number | Barcode | Date last seen | Copy number | Cost, replacement price | Koha item type |
|---|---|---|---|---|---|---|---|---|---|---|---|---|---|---|---|
| Dewey Decimal Classification | D.B.Act.Division | D.B.Act.Division | 16/09/2008 | 200.00 | क चन्द्रकु | HN-53255 | 15/09/2008 | 1 | 200.00 | Hindi Books |
